Reading EGKs correctly

1. Understanding EKG basics 2. Managing dysrhythmias and blocks 3. Dealing with special situations

Saved in:
Bibliographic Details
Format: Book
Language:Undetermined
Published: Pennsylvania Springhouse 1984
Subjects:
Tags: Add Tag
No Tags, Be the first to tag this record!
Institutions: Trung tâm Học liệu Trường Đại học Cần Thơ
LEADER 00573nam a2200169Ia 4500
001 CTU_43712
008 210402s9999 xx 000 0 und d
082 |a 616.1207547 
082 |b R287 
245 0 |a Reading EGKs correctly 
260 |a Pennsylvania 
260 |b Springhouse 
260 |c 1984 
520 |a 1. Understanding EKG basics 2. Managing dysrhythmias and blocks 3. Dealing with special situations 
650 |a electrocardiography - Handbooks, manuals, etc 
904 |i Huỳnh Thị Trang, 011004 
980 |a Trung tâm Học liệu Trường Đại học Cần Thơ